LDR 00877naa#a2200193#i#450# 001 EN\\bibl\112038 005 20260602125116.2 011 ## _a2588-0209 100 ## _a20260227b2026####ek#y0engy0150####ca 102 ## _aRU 200 1# _aFORECASTING AS ONE OF THE MECHANISMS OF LAND RESOURCES MANAGEMENT _eJournal article 210 1# _aMoscow _cElectronic science _d2026 215 ## _a19 с. 608 ## _aJournal article _2local 675 ## _aЗемлепользование и государственное руководство им. 349.414 _aМеры по поддержанию и повышению уровня использования земли. 332.37 _aИнтерполирование и экстраполирование. 519.652 _z 700 #1 _aNozhenko _gTat'yana Viktorovna 700 #1 _aNekrasova _gEkaterina Viktorovna 700 #1 _aHaritonova _gNatal'ya Dmitrievna 856 4# _amshj.ru _u